000 00708cam a2200193 a 4500
001 000001435
005 20260212122153.0
008 740801s1956 mx ac 000 0 spa
040 _aDO-SdBNP
_bspa
_cBNPHU
082 _a306.87
_bB365n, 1956
100 1 _aBeach, Raimundo
_94767
245 1 0 _aNosotros y nuestros hijos :
_buna discusión práctica de los problemas del hogar y de la vida conyugal /
_cRaimundo Beach.
250 _a4a ed.
260 _aMéxico :
_bInteramericana,
_c1956.
300 _a170 p. :
_bil., retrs. ;
_c20 cm.
504 _aIncluye referencias bibliográficas y notas al pie de las páginas
650 0 _aRelaciones familiares
_9801
650 4 _aEducación para la vida familiar
_92729
999 _c1350
_d1350